Estatística (Record no. 130934)

MARC details
000 -LÍDER
campo de controle de tamanho fixo 00635 a2200193 4500
001 - NÚMERO DE CONTROLE
campo de controle 130934
020 ## - ISBN - INTERNATIONAL STANDARD BOOK NUMBER
ISBN - International Standard Book Number 85-02-00856-0
040 ## - FONTE DA CATALOGAÇÃO
Instituição que transcreveu o registro Leonardo Da Vinci
041 ## - CÓDIGO DE IDIOMA
Código do idioma do texto/trilha sonora ou título diferente Português
082 ## - CDD - CLASSIFICAÇÃO DECIMAL DE DEWEY
Número de Classificação 519.5 C942e
Número do exemplar C942e
100 ## - ENTRADA PRINCIPAL--NOME PESSOAL
Nome pessoal CRESPO, Antônio Arnot
245 ## - TÍTULO
Título Estatística
Restante do título fácil
250 ## - EDIÇÃO
Edição 8.ed
260 ## - PUBLICAÇÃO, DISTRIBUIÇÃO, ETC.
Nome do editor, distribuidor, etc. Saraiva
Data da publicação, distribuição, etc. 1991
Local de publicação, distribuição, etc. São Paulo
300 ## - DESCRIÇÃO FÍSICA
Extensão 224
362 ## - DATAS DE PUBLICAÇÃO E/OU DESIGNAÇÃO SEQUENCIAL
Datas de publicação e/ou designação sequencial 19910000
697 ## - ENTRADA DE ASSUNTO LOCAL--ENTIDADE COLETIVA (RLIN)
Nome corporativo ou nome da jurisdição Estatística
-- Estatística matemática
-- Método estatístico
-- Medida de posição
-- Tendência central
-- Medida de dispersão
-- Variabilidade
-- Medida de assimetria
-- Medida de curtose
-- Probabilidade
-- Variáveis
-- FIPEN
942 ## - ELEMENTOS DE ENTRADA ADICIONADOS (KOHA)
Tipo de material Koha Livros
Holdings
Situação do descarte Situação das perdas Situação física Não pode ser emprestado Biblioteca de origem Biblioteca atual Data de aquisição Total de empréstimos Número de chamada completo Código de barras Data de último acesso Data do preço efetivo Tipo de material Koha
        Leonardo Da Vinci - Osasco Leonardo Da Vinci - Osasco 27/03/2024   519.5 C942e O000545 27/03/2024 27/03/2024 Livros